| 000 | 01324cam a22003374a 4500 | ||
|---|---|---|---|
| 999 |
_c5207 _d5207 |
||
| 001 | 4048279 | ||
| 003 | GZU | ||
| 005 | 20210330101022.0 | ||
| 008 | 990225s2000 mau bf 001 0 eng c | ||
| 010 | _a 99021430 | ||
| 020 | _a0205198325 | ||
| 040 |
_aDNLM/DLC _cDLC _dDLC |
||
| 042 | _apcc | ||
| 050 | 0 | 0 |
_aRJ50 _b.ROD 2000 |
| 100 | 1 |
_aRodrigue, James R. _eauthor |
|
| 245 | 1 | 0 |
_aChild health assessment : _ba handbook of measurement techniques / _cJames R. Rodrigue, Gary R. Geffken, Randi M. Streisand ; foreword by Anthony Spirito. |
| 260 |
_aBoston : _bAllyn & Bacon, _cc2000. |
||
| 300 |
_axiv, 256 p. ; _c25 cm. |
||
| 504 | _aIncludes bibliographical references and index. | ||
| 650 | 0 |
_aChildren _xMedical examinations _vHandbooks, manuals, etc. |
|
| 650 | 0 |
_aChild development _xTesting _vHandbooks, manuals, etc. |
|
| 650 | 0 |
_aMedical screening _vHandbooks, manuals, etc. |
|
| 650 | 1 | 2 |
_aPediatrics _xmethods. |
| 650 | 2 | 2 |
_aPediatrics _xstandards. |
| 650 | 2 | 2 | _aQuestionnaires. |
| 700 | 1 |
_aGeffken, Gary R. _eauthor |
|
| 700 | 1 |
_aStreisand, Randi M. _eauthor |
|
| 906 |
_a7 _bcbc _cpccadap _d1 _eocip _f19 _gy-gencatlg |
||
| 942 |
_2lcc _cBK _h50 _iROD _kRJ |
||